Tilastot visalle Neuvostoliitto - Monivalintavisa

Klikkaa tästä pelataksesi tätä visaa!

Yleistilastot

  • Tätä visaa on pelattu 98 kertaa
  • Keskiarvotulos 16 / 21

Vastaustilastot

KysymysVastaus% Oikein
Minä vuonna Neuvvostoliitto hajosi ?1991
93%
Minkä nykyisen valtion alueella on Tšernobyl, joka tuli kuuluisaksi vuoden 1986 ydinvoimalaonnettomuudsta ?Ukrainan
93%
Mikä oli Neuvostoliiton rahayksikkö ?rupla
92%
Kuka oli ensimmäinen neuvostojohtaja ?Vladimir Lenin
92%
Miksi Neuvostoliittolaisia "avaruusseikkailijoita" kutsuttiin ?Kosmonauteiksi
91%
Kuka oli ensimmäinen mies avaruudessa ?Juri Gagarin
88%
Mikä oli Neuvostoliiton salaisen poliisin nimi ?KGB
86%
Millä nimellä kutsuttiin yhteistoimintatiloja eli maatiloja, joita yhteisö viljelee valtion valvonnassa ja osuustoimintaperiaatteella?Kolhoosi
86%
Neuvostoliitto oli sodassa joulukuusta 1979 helmikuuhun 1989 tämän valtion kanssa... ?Afganistan
85%
Mikä oli Pietarin nimi suurimman osan (Neuvostoliiton) aikaa ?Leningrad
84%
Kuka oli viimeinen neuvostojohtaja ?Mihail Gorbatšov
80%
Kuka oli pitkäaikaisin neuvostojohtaja ?Josef Stalin
77%
Kenen mukaan nimetty mausoleumi on Moskovan Punaisella torilla ?Leninin
77%
Mikä oli Neuvostoliiton pääkaupunki ?Moskova
74%
Millä nimellä kutsuttiin Neuvostoliiton turvallisuuspoliisin hallinnoimia "ojennustyöleirejä" ?Gulag
73%
MIkä oli Neuvostoliiton motto ?Kaikkien maiden työläiset, yhdistykää!
72%
Mikä on kuuluisin näytteillä oleva esine tuossa mausoleumissa?Kyseisen henkilön ruumis
72%
Kuinka kauan hän oli vallassa ?29 vuotta
61%
Minä vuonna Neuvostoliitto isännöi Kesäolympialaisia ?1980
54%
Mikä oli Neuvostoliiton kansallislaulu ?"Kansainvälinen"
41%
Mikä oli hänen avaruusaluksensa/kantorakettinsa nimi ?Vostok 1
36%

Tulosjakauma

Persentiili vastausten määrän mukaan

Jokaisen tuloksen saaneiden osuus

Tuloshistoriasi

Et ole pelannut tätä visaa